Haiti and the United States : (Record no. 11248)

MARC details
000 -LEADER
campo de control de longitud fija 01663pam a2200481 a 4500
001 - NÚMERO DE CONTROL
campo de control 39281
005 - FECHA Y HORA DE LA ÚLTIMA TRANSACCIÓN
campo de control 20230410101629.0
008 - DATOS DE LONGITUD FIJA--INFORMACIÓN GENERAL
campo de control de longitud fija 910905s1992 gaub b s001 0 eng
010 ## - NÚMERO DE CONTROL DE LA BIBLIOTECA DEL CONGRESO
Número de control de LC 91034105
035 ## - NÚMERO DE CONTROL DEL SISTEMA
Número de control de sistema (OCoLC)ocm24501702
040 ## - FUENTE DE CATALOGACIÓN
Centro catalogador/agencia de origen DLC
Centro/agencia transcriptor DLC
Centro/agencia modificador UKM
-- NLGGC
-- BTCTA
-- YDXCP
-- BAKER
015 ## - NÚMERO DE BIBLIOGRAFÍA NACIONAL
Número de bibliografía nacional GB93-67978
020 ## - NÚMERO INTERNACIONAL ESTÁNDAR DEL LIBRO
Número Internacional Estándar del Libro 0820314226 (alk. paper)
020 ## - NÚMERO INTERNACIONAL ESTÁNDAR DEL LIBRO
Número Internacional Estándar del Libro 9780820314228 (alk. paper)
020 ## - NÚMERO INTERNACIONAL ESTÁNDAR DEL LIBRO
Número Internacional Estándar del Libro 0820314234 (pbk. : alk. paper)
020 ## - NÚMERO INTERNACIONAL ESTÁNDAR DEL LIBRO
Número Internacional Estándar del Libro 9780820314235 (pbk. : alk. paper)
029 1# - OTRO NÚMERO DE CONTROL DE SISTEMA (OCLC)
Identificador de la biblioteca OCLC UKM
Número de control de sistema b9367978
029 1# - OTRO NÚMERO DE CONTROL DE SISTEMA (OCLC)
Identificador de la biblioteca OCLC NLGGC
Número de control de sistema 10748398X
029 1# - OTRO NÚMERO DE CONTROL DE SISTEMA (OCLC)
Identificador de la biblioteca OCLC YDXCP
Número de control de sistema 767045
035 ## - NÚMERO DE CONTROL DEL SISTEMA
Número de control de sistema (OCoLC)24501702
043 ## - CÓDIGO DE ÁREA GEOGRÁFICA
Código de área geográfica n-us---
-- nwht---
050 14 - SIGNATURA TOPOGRÁFICA DE LA BIBLIOTECA DEL CONGRESO
Número de clasificación 110 E 183.8
Número de ítem P735h 1992
100 1# - ENTRADA PRINCIPAL--NOMBRE DE PERSONA
Nombre de persona Plummer, Brenda Gayle.
245 10 - MENCIÓN DEL TÍTULO
Título Haiti and the United States :
Resto del título the psychological moment /
Mención de responsabilidad, etc. Brenda Gayle Plummer.
260 ## - PUBLICACIÓN, DISTRIBUCIÓN, ETC.
Lugar de publicación, distribución, etc. Athens :
Nombre del editor, distribuidor, etc. University of Georgia Press,
Fecha de publicación, distribución, etc. c1992.
300 ## - DESCRIPCIÓN FÍSICA
Extensión 303 p. :
Otras características físicas map ;
Dimensiones 24 cm.
440 #4 - MENCIÓN DE SERIE/PUNTO DE ACCESO ADICIONAL--TÍTULO
Título The United States and the Americas
504 ## - NOTA DE BIBLIOGRAFÍA, ETC.
Nota de bibliografía, etc. Includes bibliographical references (p. 287-294) and index.
651 #0 - PUNTO DE ACCESO ADICIONAL DE MATERIA--NOMBRE GEOGRÁFICO
Nombre geográfico United States
Subdivisión general Relations
Subdivisión geográfica Haiti.
651 #0 - PUNTO DE ACCESO ADICIONAL DE MATERIA--NOMBRE GEOGRÁFICO
Nombre geográfico Haiti
Subdivisión general Relations
Subdivisión geográfica United States.
651 #0 - PUNTO DE ACCESO ADICIONAL DE MATERIA--NOMBRE GEOGRÁFICO
Nombre geográfico Haiti
Subdivisión general History.
653 0# - TÉRMINO DE INDIZACIÓN--NO CONTROLADO
Término no controlado Culture
-- International cooperation
653 0# - TÉRMINO DE INDIZACIÓN--NO CONTROLADO
Término no controlado Haiti
653 0# - TÉRMINO DE INDIZACIÓN--NO CONTROLADO
Término no controlado United States
650 #4 - PUNTO DE ACCESO ADICIONAL DE MATERIA--TÉRMINO DE MATERIA
Término de materia o nombre geográfico como elemento de entrada CEH
650 #4 - PUNTO DE ACCESO ADICIONAL DE MATERIA--TÉRMINO DE MATERIA
Término de materia o nombre geográfico como elemento de entrada Colección Estudios Haitianos
938 ## -
-- Baker and Taylor
-- BTCP
-- 91034105
938 ## -
-- YBP Library Services
-- YANK
-- 767045
938 ## -
-- Baker & Taylor
-- BKTY
-- 18.50
-- 13.88
-- 0820314226
-- 0002045750
-- active
938 ## -
-- Baker & Taylor
-- BKTY
-- 22.00
-- 22.00
-- 0820314234
-- 0002045751
-- active
942 ## - ELEMENTOS DE ENTRADA SECUNDARIOS (KOHA)
Fuente del sistema de clasificación o colocación Clasificación de Library of Congress
Tipo de ítem Koha
994 ## -
-- C0
-- DRFGD
Holdings
Estatus retirado Estado de pérdida Fuente del sistema de clasificación o colocación Estado de daño No para préstamo Colección Biblioteca de origen Biblioteca actual Ubicación en estantería Fecha de adquisición Serial enumeration / chronology Signatura topográfica completa Código de barras Visto por última vez Copia número Tipo de ítem Koha
    Clasificación de Library of Congress     Recursos Regionales Biblioteca Juan Bosch Biblioteca Juan Bosch Recursos Regionales (2do. Piso) 10/04/2023 1 110 E 183.8 P735h 1992 00000040603 23/10/2018 1